| 000 | 00838nam a22001937a 4500 | ||
|---|---|---|---|
| 003 | UA-OsUOA | ||
| 001 | 44019 | ||
| 007 | ta | ||
| 008 | 20091223b un ||||| |||| 00| 0 ukr d | ||
| 090 |
_a050 _bС25 |
||
| 942 | _cNP | ||
| 040 |
_aUA-OsUOA _bukr _cUA-OsUOA _dUA-OsUOA |
||
| 245 |
_aСвобода _b2008: 17 жовтня Ч.42; 7 листопада Ч.45; 14 листопада Ч.46; 21 листопада Ч.47; 28 листопада Ч.48; 5 грудня Ч.49; 12 грудня Ч.50; 19 грудня Ч.51; 26 грудня Ч.52; 2009: 2 січня Ч.1; 9 січня Ч.2; |
||
| 955 | _a4 | ||
| 041 | _aukr | ||
| 080 | _a050 | ||
| 650 | 7 |
_a050 Серійні публікації. Періодика галузі, Організація та інші типи поєднання (співробітництва) _2UDC |
|
| 999 |
_c423866 _d423866 |
||